Rudiments of Mathematics/ (Record no. 207803)

MARC details
000 -LEADER
fixed length control field 00789 a2200241 4500
005 - DATE AND TIME OF LATEST TRANSACTION
control field 20241218140739.0
010 ## - LCCN (DPL NO)
LC control number ENG-143079
020 ## - INTERNATIONAL STANDARD BOOK NUMBER
Terms of availability 500.00
International Standard Book Number 9789380599854
035 ## - SYSTEM CONTROL NUMBER
System control number EN-126611
037 ## - SOURCE OF ACQUISITION
Source of stock number/acquisition DBAD
082 14 - DEWEY DECIMAL CLASSIFICATION NUMBER
Classification number 510
100 ## - MAIN ENTRY--PERSONAL NAME
Personal name Mukherjee, M.N.
245 1# - TITLE STATEMENT
Title Rudiments of Mathematics/
Statement of responsibility, etc by M.N. Mukherjee..[et.al]
250 ## - EDITION STATEMENT
Edition statement 8
260 ## - PUBLICATION, DISTRIBUTION, ETC. (IMPRINT)
Place of publication, distribution, etc Kolkata
Name of publisher, distributor, etc Academic Publishers
Date of publication, distribution, etc 2013
270 ## - ADDRESS
Address 5A, Bhawani Dutta Lane
City Kolkata
Postal code 700 073
Electronic mail address acabooks@cal.vsnl.net.in
300 ## - PHYSICAL DESCRIPTION
Extent vpp
Dimensions 24 cm (Pbk)
500 ## - GENERAL NOTE
General note for W. B. joint entrance and other competitive examinations
700 ## - ADDED ENTRY--PERSONAL NAME
Personal name Mukhopadhyay, P.
Relator term Author
9 (RLIN) 75378
700 ## - ADDED ENTRY--PERSONAL NAME
Personal name Roy, S. Sinha
Relator term Author
9 (RLIN) 75379
700 ## - ADDED ENTRY--PERSONAL NAME
Personal name Dasgupta, U.
Relator term Author
9 (RLIN) 75380
942 ## - ADDED ENTRY ELEMENTS (KOHA)
Institution code [OBSOLETE] dpl
Item type English Books
Source of classification or shelving scheme Dewey Decimal Classification
Classification part 510
Call number suffix MUK
Edition 8
Holdings
Withdrawn status Lost status Not for loan Collection code Home library Current library Date acquired Source of acquisition Cost, normal purchase price Full call number Barcode Copy number Cost, replacement price Koha item type
      Non-fiction Central Library Central Library 18/12/2024 Delivery of Books Division 500.00 510 MUK EN-126611 1 500.00 English Books

© Delhi Public Library
Hit Counter
free hit counter